[Event "DEN-chT XtraCon 2018-19"]
[Site "Denmark"]
[Date "2018.10.27"]
[Round "1"]
[White "Rodgaard, John"]
[Black "Glud, Jakob Vang"]
[Result "1/2-1/2"]
[WhiteElo "2331"]
[BlackElo "2520"]
[Annotator "TA"]
[PlyCount "113"]
[EventDate "2018.10.27"]
[EventType "team-tourn"]
[EventCountry "DEN"]
[SourceTitle "playchess.com"]
[Source "ChessBase"]
[SourceQuality "1"]

{[%evp 18,113,-13,-15,11,12,10,10,66,65,56,-35,-33,-46,-50,-54,-52,-51,-61,-55,-53,-51,-54,-70,-45,-56,-47,-54,-49,-59,-43,-64,-50,-104,-110,-99,-96,-109,-97,-143,-118,-103,0,0,0,0,0,0,0,0,0,0,8,0,0,0,0,0,0,0,0,0,0,0,8,8,8,8,8,8,8,8,8,8,8,8,154,0,267,267,877,836,1002,267,751,540,449,266,266,0,0,0,0,0,588,0,0,0]} 1. d4 d5 2. c4 e6 3. Nc3 Be7 4. Nf3 Nf6 5. Bf4 O-O 6. e3 Nbd7 7. c5 {D37: Queen's Gambit Declined: 5 Bf4} Ne4 (7... c6 8. Bd3 b6 9. b4 a5 10. a3 Ba6 11. O-O Qc8 12. h3 Qb7 13. Qc2 Bxd3 14. Qxd3 axb4 15. axb4 Rxa1 16. Rxa1 Ra8 {½-½ (24) Mamedyarov,S (2801)-Aronian,L (2767) Saint Louis 2018}) 8. Qc2 f5 9. h3 c6 10. Be2 {LiveBook: 3 Games} Bf6 11. O-O $146 ({Predecessor:} 11. g4 b6 12. cxb6 axb6 13. Rg1 Ba6 14. Bxa6 Rxa6 15. gxf5 exf5 16. Nxe4 fxe4 {0-1 (28) Kazimova,N (2209)-Batsiashvili,N (2434) Baku 2012}) 11... Qe8 12. Rae1 b6 (12... e5 $11 13. Bh2 b6) 13. cxb6 $14 axb6 14. a3 (14. Nxe4 $1 $14 dxe4 15. Nd2 (15. Qxc6 exf3 16. Qxa8 fxe2 $11)) 14... Bb7 $15 15. Ne5 Nxc3 16. Qxc3 Nxe5 17. Bxe5 Bxe5 18. dxe5 c5 19. f4 Qe7 20. Kh2 Rfd8 21. Rd1 Kh8 22. g4 fxg4 23. Bxg4 b5 24. Rf2 Ra4 25. Qe1 (25. Rc2 $15 c4 26. Rcd2) 25... b4 $17 26. axb4 Rxb4 27. Rc2 d4 28. Rcd2 g5 29. exd4 Rdxd4 (29... cxd4 $17 30. Qf2 Rf8 31. Rxd4 Rxf4 32. Rxf4 (32. Rd8+ Kg7 $17) 32... Rxf4) 30. Rxd4 $11 cxd4 31. Qf2 Qc5 32. Rd2 Qd5 33. fxg5 {[%cal Rf2f8]} Qxe5+ 34. Qg3 Qxg3+ ({Not} 34... Qxg5 $2 35. Qb8+ Qg8 36. Qd6 $18) 35. Kxg3 {[%mdl 4096] Endgame KRB-KRB} e5 36. Rf2 Rb3+ 37. Kh4 Bd5 38. Rf8+ Kg7 39. Re8 Re3 40. Re7+ Kg8 41. Bf5 d3 {aiming for ...d2.} 42. Bxh7+ Kf8 $132 {[%mdl 2048] Black is not keeping still} 43. Rd7 Be4 $1 {[%cal Re4h7]} 44. Bxe4 Rxe4+ {KR-KR} 45. Kg3 Re3+ $1 46. Kg4 e4 (46... Ke8 $11 47. Rd5 Kf7) 47. b4 $2 ({White should play} 47. h4 $1 $16) 47... Re1 $2 {[%mdl 8192]} (47... Rf3 $1 $11 {and Black has nothing to worry.}) 48. Kf4 $18 Re2 $2 (48... Kg8 49. h4 Rh1) 49. b5 Rb2 50. Rd5 $2 (50. Kxe4 d2 51. h4) 50... d2 $2 (50... Ke7 51. Kxe4 d2) 51. h4 Kf7 52. Kxe4 (52. Ke3 $142 Rxb5 53. Rxd2) 52... Ke6 {[#] Hoping for ...Rb4+.} 53. Rd3 $2 (53. Rd8 $1 $18) 53... Rb4+ $1 $11 54. Ke3 Rxh4 55. Rxd2 Rb4 $2 {[%mdl 8192] [#]} (55... Rg4 $1 $11 {and Black stays safe.}) 56. Rg2 $2 (56. Rf2 $1 $18 {And now b6! would win.} Rxb5 57. Rf6+ Kd7 58. Kf4) 56... Rxb5 57. g6 {Precision: White = 50%, Black = 49%.} 1/2-1/2

[Event "DEN-chT XtraCon 2018-19"]
[Site "Denmark"]
[Date "2018.10.27"]
[Round "1"]
[White "Jacobsen, Mikkel Manosri"]
[Black "Pedersen, Nicolai Vesterbaek"]
[Result "1-0"]
[WhiteElo "2314"]
[BlackElo "2396"]
[Annotator "NA"]
[PlyCount "58"]
[EventDate "2018.10.27"]
[EventType "team-tourn"]
[EventCountry "DEN"]
[SourceTitle "playchess.com"]
[Source "ChessBase"]
[SourceQuality "1"]
[TimeControl "40/5400+30:1800+30"]

1. d4 {[%emt 0:00:00]} Nf6 {[%emt 0:01:51]} 2. c4 {[%emt 0:00:00]} e6 {[%emt 0:00:44]} 3. Nf3 {[%emt 0:00:00]} d5 {[%emt 0:02:10]} 4. e3 {[%emt 0:01:46]} b6 {[%emt 0:13:05]} 5. b3 {[%emt 0:02:04]} Ba6 {[%emt 0:07:00]} 6. Nbd2 {[%emt 0:06:04]} c5 {[%emt 0:03:31]} 7. Bb2 {[%emt 0:05:37]} Be7 {[%emt 0:16:05]} 8. dxc5 {[%emt 0:04:32]} bxc5 {[%emt 0:05:29]} 9. Ne5 {[%emt 0:21:12]} Qb6 {[%emt 0:15:40]} 10. Qc2 {[%emt 0:03:45]} O-O {[%emt 0:02:02]} 11. Bd3 {[%emt 0:08:14]} Bb7 {[%emt 0:15:00]} 12. g4 {[%emt 0:11:45]} d4 {[%emt 0:05:35]} 13. Rg1 {[%emt 0:00:12]} Qd6 {[%emt 0:01:21]} 14. exd4 {[%emt 0:07:22]} cxd4 {[%emt 0:00:14]} 15. Ndf3 {[%emt 0:00:49]} Nc6 {[%emt 0:03:00]} 16. Nxc6 {[%emt 0:02:44]} Bxc6 {[%emt 0:00:10]} 17. Nxd4 {[%emt 0:00:16]} Qxh2 {[%emt 0:02:37]} 18. O-O-O {[%emt 0:05:12]} Qf4+ {[%emt 0:00:29]} 19. Kb1 {[%emt 0:00:31]} Be4 {[%emt 0:01:13]} 20. f3 {[%emt 0:07:30]} Bxd3 {[%emt 0:01:24]} 21. Rxd3 {[%emt 0:00:03]} Bc5 {[%emt 0:00:45]} 22. g5 {[%emt 0:01:37]} Nh5 {[%emt 0:00:50]} 23. Rh1 {[%emt 0:04:17]} Qxg5 {[%emt 0:00:19]} 24. f4 {[%emt 0:01:52]} Qg6 {[%emt 0:00:41]} 25. f5 {[%emt 0:03:11]} exf5 {[%emt 0:00:10]} 26. Nf3 {[%emt 0:00:10]} Nf4 {[%emt 0:01:03]} 27. Ne5 {[%emt 0:00:38]} Qg5 {[%emt 0:00:31]} 28. Qh2 {[%emt 0:01:08]} h6 {[%emt 0:00:30]} 29. Rg3 {[%emt 0:00:13]} Qf6 {[%emt 0:00:00]} 1-0

[Event "DEN-chT XtraCon 2018-19"]
[Site "Denmark"]
[Date "2018.10.27"]
[Round "1"]
[White "Laursen, Niels Norskov"]
[Black "Rozentalis, Eduardas"]
[Result "0-1"]
[WhiteElo "2304"]
[BlackElo "2522"]
[Annotator "RC"]
[PlyCount "72"]
[EventDate "2018.10.27"]
[EventType "team-tourn"]
[EventCountry "DEN"]
[SourceTitle "playchess.com"]
[Source "ChessBase"]
[SourceQuality "1"]
[TimeControl "40/5400+30:1800+30"]

1. e4 {[%emt 0:00:00]} e6 {[%emt 0:00:00]} 2. d4 {[%emt 0:00:00]} d5 {[%emt 0:00:00]} 3. Nc3 {[%emt 0:00:00]} Nc6 {[%emt 0:00:51]} 4. Nf3 {[%emt 0:04:16]} Nf6 {[%emt 0:00:36]} 5. Bg5 {[%emt 0:02:55]} Be7 {[%emt 0:00:44]} 6. e5 {[%emt 0:02:58]} Ne4 {[%emt 0:00:12]} 7. Bxe7 {[%emt 0:02:28]} Qxe7 {[%emt 0:00:14]} 8. Bd3 {[%emt 0:04:26]} Nxc3 {[%emt 0:03:19]} 9. bxc3 {[%emt 0:00:06]} f6 {[%emt 0:00:10]} 10. Bb5 {[%emt 0:11:30]} Bd7 {[%emt 0:01:09]} 11. Bxc6 {[%emt 0:01:34]} Bxc6 {[%emt 0:00:26]} 12. O-O {[%emt 0:00:46]} O-O {[%emt 0:02:19]} 13. Re1 {[%emt 0:02:16]} f5 {[%emt 0:06:36]} 14. Nd2 {[%emt 0:11:50]} f4 {[%emt 0:00:55]} 15. f3 {[%emt 0:07:28]} Rf5 {[%emt 0:01:18]} 16. g4 {[%emt 0:06:12]} fxg3 {[%emt 0:01:40]} 17. hxg3 {[%emt 0:00:05]} Raf8 {[%emt 0:01:08]} 18. Kg2 {[%emt 0:03:05]} Qg5 {[%emt 0:03:14]} 19. Qe2 {[%emt 0:02:43]} Ba4 {[%emt 0:08:31]} 20. Rac1 {[%emt 0:02:09]} a6 {[%emt 0:03:12]} 21. Qe3 {[%emt 0:03:28]} Qg6 {[%emt 0:00:53]} 22. Rh1 {[%emt 0:01:10]} Rg5 {[%emt 0:06:18]} 23. Rh3 {[%emt 0:00:38]} h6 {[%emt 0:02:07]} 24. Nb3 {[%emt 0:06:47]} Bb5 {[%emt 0:02:17]} 25. Nc5 {[%emt 0:02:12]} Rgf5 {[%emt 0:08:59]} 26. g4 {[%emt 0:02:10]} h5 {[%emt 0:04:26]} 27. Rg3 {[%emt 0:00:58]} h4 {[%emt 0:05:19]} 28. Rh3 {[%emt 0:01:51]} Rxf3 {[%emt 0:00:49]} 29. Qxf3 {[%emt 0:00:31]} Rxf3 {[%emt 0:00:07]} 30. Rxf3 {[%emt 0:01:24]} Qxg4+ {[%emt 0:00:58]} 31. Kf2 {[%emt 0:00:12]} h3 {[%emt 0:01:51]} 32. Rg1 {[%emt 0:02:16]} Qh4+ {[%emt 0:00:21]} 33. Ke3 {[%emt 0:00:47]} Qh6+ {[%emt 0:01:44]} 34. Kf2 {[%emt 0:01:12]} Qd2+ {[%emt 0:00:21]} 35. Kg3 {[%emt 0:00:11]} Be2 {[%emt 0:00:29]} 36. Rf2 {[%emt 0:00:40]} Qe3+ {[%emt 0:00:14]} 0-1

[Event "DEN-chT XtraCon 2018-19"]
[Site "Denmark"]
[Date "2018.10.27"]
[Round "1"]
[White "Bank, Pelle"]
[Black "Larsen, Steen Skovlund"]
[Result "1/2-1/2"]
[WhiteElo "2299"]
[BlackElo "2308"]
[Annotator "NA"]
[PlyCount "54"]
[EventDate "2018.10.27"]
[EventType "team-tourn"]
[EventCountry "DEN"]
[SourceTitle "playchess.com"]
[Source "ChessBase"]
[SourceQuality "1"]
[TimeControl "40/5400+30:1800+30"]

1. d4 {[%emt 0:00:00]} Nf6 {[%emt 0:00:30]} 2. Bg5 {[%emt 0:00:00]} e6 {[%emt 0:02:26]} 3. e4 {[%emt 0:00:17]} h6 {[%emt 0:00:14]} 4. Bxf6 {[%emt 0:00:04]} Qxf6 {[%emt 0:00:07]} 5. c3 {[%emt 0:00:03]} d6 {[%emt 0:03:55]} 6. Bd3 {[%emt 0:00:12]} g6 {[%emt 0:07:59]} 7. Ne2 {[%emt 0:00:13]} Bg7 {[%emt 0:01:24]} 8. O-O {[%emt 0:00:06]} e5 {[%emt 0:01:02]} 9. f4 {[%emt 0:00:05]} Qe7 {[%emt 0:00:24]} 10. f5 {[%emt 0:01:28]} Nd7 {[%emt 0:05:37]} 11. fxg6 {[%emt 0:01:16]} fxg6 {[%emt 0:00:22]} 12. Na3 {[%emt 0:00:33]} Nf6 {[%emt 0:07:42]} 13. Qb3 {[%emt 0:03:53]} c6 {[%emt 0:04:21]} 14. Nc4 {[%emt 0:03:06]} b5 {[%emt 0:30:53]} 15. Na5 {[%emt 0:08:58]} Bd7 {[%emt 0:03:34]} 16. a4 {[%emt 0:09:52]} a6 {[%emt 0:05:08]} 17. Kh1 {[%emt 0:41:40]} Rf8 {[%emt 0:03:41]} 18. d5 {[%emt 0:04:59]} cxd5 {[%emt 0:07:22]} 19. exd5 {[%emt 0:01:10]} e4 {[%emt 0:01:29]} 20. Nf4 {[%emt 0:08:20]} Ng4 {[%emt 0:06:41]} 21. Be2 {[%emt 0:12:45]} Qg5 {[%emt 0:02:42]} 22. Bxg4 {[%emt 0:00:16]} Rxf4 {[%emt 0:01:06]} 23. Bxd7+ {[%emt 0:00:04]} Kxd7 {[%emt 0:00:05]} 24. axb5 {[%emt 0:01:19]} Rxf1+ {[%emt 0:00:05]} 25. Rxf1 {[%emt 0:00:01]} Rf8 {[%emt 0:00:04]} 26. Qc4 {[%emt 0:00:44]} Qxd5 {[%emt 0:00:13]} 27. Qc6+ {[%emt 0:00:30]} Qxc6 {[%emt 0:00:14]} 1/2-1/2

[Event "DEN-chT XtraCon 2018-19"]
[Site "Denmark"]
[Date "2018.10.27"]
[Round "1"]
[White "Greger, Roland Reinhard"]
[Black "Danielsen, Henrik"]
[Result "0-1"]
[WhiteElo "2294"]
[BlackElo "2502"]
[Annotator "TA"]
[PlyCount "94"]
[EventDate "2018.10.27"]
[EventType "team-tourn"]
[EventCountry "DEN"]
[SourceTitle "playchess.com"]
[Source "ChessBase"]
[SourceQuality "1"]

{[%evp 19,94,41,36,24,22,7,4,3,0,13,12,-45,-21,-53,0,0,0,0,0,-145,-138,-212,-204,-219,-215,-219,-225,-390,-395,-430,-228,-216,-224,-215,-212,-217,-212,-191,-202,-298,-280,-566,-341,-319,-267,-395,-346,-406,-404,-386,-377,-713,-700,-687,-673,-747,-707,-389,-369,-368,-332,-470,-421,-6319,-6319,-29962,-29958,-29956,-29957,-6190,-12849,-7767,-7573,-5185,-5206,-29986,-29987]} 1. e4 d6 2. d4 Nf6 3. Nc3 g6 4. Nf3 c6 5. Be2 Bg7 6. O-O O-O 7. a4 Nbd7 8. a5 Qc7 9. h3 e5 {B08: Pirc-Ufimzew-Verteidigung} 10. dxe5 Nxe5 {LiveBook: 4 Partien} 11. Nd4 $146 ({Vorgänger:} 11. Nxe5 dxe5 12. Bc4 Rb8 13. Qf3 b5 14. axb6 axb6 15. Bg5 Nh5 16. Rfd1 b5 17. Bb3 {½-½ (101) Demidov,M (2513)-Nepomniachtchi,I (2728) Sochi 2015}) 11... Re8 {Weiß hat minimalen Vorteil.} 12. f4 Ned7 13. Bf3 Nc5 {[%cal Rf6e4]} 14. Re1 Bd7 15. Ra3 ({Günstiger ist} 15. Qd2 $11) 15... Rad8 16. Nb3 Na6 (16... Nxb3 $15 17. cxb3 c5) 17. Be3 $11 c5 18. Nd2 Nb4 19. Nc4 (19. Bf2 $11) 19... Bc6 $17 {[%cal Rf6e4]} 20. Bc1 (20. Bf2 $17 {ist wohl besser.}) 20... d5 $19 21. exd5 Rxe1+ 22. Qxe1 Nxc2 23. Qf2 $2 (23. Qe5 Nxd5 24. Nxd5 Bxe5 25. Nxc7 Bxc7 26. Rc3) 23... Nxa3 24. d6 Rxd6 (24... Qc8 $142 25. bxa3 Ne8) 25. Nxd6 Qxd6 26. bxa3 {[#]} Ng4 $1 {[%mdl 512]} 27. hxg4 {Und weiter mit Lxc6 wäre nett.} (27. Bxg4 Bxc3) 27... Bxc3 28. Be3 Bd4 29. a6 (29. Bxc6 $142 bxc6 30. g5) 29... Bxf3 ({Weniger gut wäre} 29... bxa6 30. Bxd4 cxd4 31. Bxc6 $17) 30. Bxd4 $2 (30. Qxf3 Qxa6 31. Bxd4 cxd4 32. Qd5) 30... cxd4 31. Qxf3 Qxa6 {[%mdl 4096] Endspiel KD-KD} ({Jedoch nicht} 31... bxa6 32. Kf2 $19) 32. Qd5 (32. Kf2 $142) 32... Qd3 33. f5 Qd1+ 34. Kf2 Qxg4 35. Qd8+ $2 (35. fxg6 hxg6 36. Qxb7) 35... Kg7 36. f6+ Kh6 37. Qf8+ Kg5 38. Qxf7 Qf4+ 39. Kg1 Qe3+ 40. Kh2 (40. Kf1 $142) 40... Qe5+ 41. Kg1 (41. g3 $142 Qe2+ 42. Kh3) 41... d3 42. Qe7 Qd4+ 43. Kh1 Qa1+ 44. Kh2 Qxf6 45. Qc5+ Kg4 {[#] ( -> ...d2)} 46. Qc8+ Qf5 47. Qd8 Qe5+ {Precision: Weiß = 23%, Schwarz = 77%.} 0-1

[Event "DEN-chT XtraCon 2018-19"]
[Site "Denmark"]
[Date "2018.10.28"]
[Round "1"]
[White "Hove, Esben Kjems"]
[Black "Rathlev, Jakob"]
[Result "1/2-1/2"]
[WhiteElo "2286"]
[BlackElo "2263"]
[Annotator "TA"]
[PlyCount "150"]
[EventDate "2018.10.27"]
[EventType "team-tourn"]
[EventCountry "DEN"]
[SourceTitle "playchess.com"]
[Source "ChessBase"]
[SourceQuality "1"]

{[%evp 19,150,26,58,31,56,47,98,68,80,77,63,59,60,37,45,27,41,8,58,32,37,38,79,0,0,0,0,0,0,0,0,0,0,0,99,45,39,0,0,0,2,-31,-19,-24,0,0,0,0,0,0,0,-8,-12,-45,-32,-47,-14,-38,-6,-8,0,0,0,-20,0,-20,-22,-47,-47,-47,-47,-47,-47,-102,-102,-102,-102,-102,-102,-102,-102,-102,-102,-150,-114,-257,-71,-243,-292,-445,-425,-970,-964,-1758,-1546,-2231,-2030,-5509,-4093,-3923,-2112,-29959,-29960,-29958,-29961,-29969,-29971,-29971,-29974,-29973,-29959,-29978,-29979,-29979,-29970,-29971,-29971,-29970,-9008,-29937,-1158,-29966,-29966,-29964,-8,-29953,0,-6406,-5073,-29978,0,0,0]} 1. d4 c5 2. d5 Nf6 3. c4 b5 4. cxb5 a6 5. bxa6 g6 6. g3 Bg7 7. Bg2 d6 8. Nf3 O-O 9. O-O Nxa6 10. Nc3 Nb4 {LiveBook: 5 Partien. E60: Königsindisch (ohne Sc3)} (10... Bf5 11. Nh4 Bd7 12. b3 Qb6 13. Bd2 Rfb8 14. Re1 Nc7 15. Qc2 Ra3 16. Qc1 Qa7 17. e4 Ng4 18. h3 {0-1 (38) Li,C (2732)-Shankland,S (2671) Liaocheng 2018}) 11. Ne1 Qa5 $146 ({Vorgänger:} 11... Bf5 12. a3 Qd7 13. e4 Bh3 14. Bg5 Na6 15. Nd3 Bxg2 16. Kxg2 Rab8 17. Rb1 c4 18. e5 {½-½ (74) Kekki,P (2365)-Porrasmaa,T (2116) Finland 2011}) 12. a3 Bf5 ({Lieber} 12... Bd7 $14) 13. Bd2 Qa7 14. Rc1 Na6 15. e4 Bd7 16. Rb1 Rfb8 17. h3 Nc7 18. Nc2 Nb5 19. Re1 Ne8 20. Nxb5 Bxb5 21. Bc3 (21. Qf3 $16) 21... Bxc3 $1 $11 22. bxc3 Ba4 23. Qd2 Bxc2 24. Qxc2 Qxa3 25. Bf1 Nf6 26. Bb5 Ra5 (26... c4 $11 {bleibt in der Remisbreite.}) 27. c4 (27. Rb3 $1 $16 {[%cal Rb3a3]} Qxb3 28. Qxb3 Raxb5 29. Qc4) 27... Qf3 $14 28. Rb3 Qh5 29. Kg2 Qe5 30. Qd3 Rba8 31. Qc3 $1 Qxc3 32. Rxc3 Ra2 33. e5 Nh5 34. exd6 exd6 35. Re7 Nf6 36. Rf3 Kg7 37. g4 {Und weiter mit g5 wäre nett.} h6 38. Rb7 Rb2 39. Rb6 Ne4 40. Rb7 Nf6 41. Re7 Rba2 42. Rfe3 R8a7 43. Kg3 Rxe7 44. Rxe7 $15 {[%mdl 4096] Endspiel KTL-KTS} Kf8 45. Re3 Rb2 46. f3 {[#]} ({Besser ist} 46. f4 $15) 46... Nxd5 $1 $17 {[%mdl 512]} 47. Rd3 {[#]} (47. cxd5 Rxb5) 47... Rg2+ $1 {[%mdl 512]} 48. Kxg2 Nf4+ 49. Kf2 Nxd3+ {KL-KS} 50. Ke3 Nb4 51. h4 Ke7 52. Ba4 {[#]} (52. Ke4 $17 {war angesagt.}) 52... Ke6 $2 (52... d5 $1 $19 53. cxd5 Nxd5+ 54. Kd3 f5) 53. Ke4 $2 (53. g5 $17 hxg5 54. hxg5) 53... f5+ $19 54. Ke3 (54. Kf4 {war nötig.} fxg4 55. Kxg4) 54... g5 55. hxg5 (55. f4 $142 gxh4 56. Kf3) 55... hxg5 56. gxf5+ Kxf5 57. Bd7+ Ke5 58. Ba4 d5 59. cxd5 Nxd5+ 60. Kd3 {[#]} c4+ $1 {[%cal Bc5c4,Bc4c3][%mdl 544]} 61. Kd2 (61. Kxc4 Nb6+) 61... Kd4 62. Bd7 c3+ 63. Ke2 Nf4+ 64. Kd1 Nd3 65. Bc8 Ne5 66. Bb7 Nc4 67. Kc2 Ne3+ 68. Kc1 Nf1 (68... Ng2 $142 69. Kd1 Ne3+ 70. Ke2 Nc4 71. Kd1 Nb2+ 72. Kc2 Nd3 73. Kd1 Nc5 74. Bc8 Kd3 75. Bf5+ Kc4 76. Kc2 Kb4 77. Bh7 Nb3 78. Kd3 Nd2 79. Ke2 Nc4 80. Kd1 Nd2 81. Ke2 Nc4 82. Kd1 Nd2 83. Ke2) 69. Kc2 Ng3 (69... Nd2 $142 70. Bc6 Kc4 71. Bb7 Nb3 72. Ba6+ Kb4 73. Bb7 Na1+ 74. Kc1 Kc4 75. Ba6+ Kd4 76. Kd1 Ke3 77. Kc1 Kxf3 78. Bb7+ Ke3 79. Bd5 g4 80. Be6 g3 81. Bh3 c2 82. Bg2 Kd3 83. Kb2 Kd2 84. Ka3 c1=Q+ 85. Kb4 Qg1 86. Bh3 Qh1 87. Bg2 Qxg2 88. Kc5 Qe4 89. Kd6 g2 90. Kc7 g1=Q 91. Kd8 Qb6+ 92. Kd7 Qee6#) 70. Ba8 Ne2 71. Bb7 Ke3 $2 (71... Nf4 72. Kc1 Nd5 73. Kd1 Kc4 74. Ba8 Nb4 75. Ke2 Kb3 76. Be4 Kb2 77. Bh7 Nd5 78. Kd1 Nf4 79. Be4 Ne6 80. Ke1 c2 81. Bxc2 Kxc2 82. Ke2 Ng7 83. Ke3 Kd1 84. f4 g4 85. Kd4 Ke2 86. Ke5 g3 87. f5 Nh5 88. f6 {[#]} Nxf6 $1 {[%mdl 512]} 89. Kd4 g2 90. Ke5 Ng4+ 91. Ke6 g1=Q 92. Kd6 Qb6+ 93. Kd5 Ne3+ 94. Ke4 Qc5 95. Kf4 Qf5+ 96. Kg3 Qg4+ 97. Kh2 Qg2#) 72. Bd5 $2 {[%mdl 8192]} (72. Be4 $11) 72... Kd4 (72... Nf4 $142 73. Bf7 Kd4 74. Bb3 Ng2 75. Kd1 Kd3 76. Bc2+ Ke3 77. Bg6 Nf4 78. Be8 Kxf3 79. Kc2 Ne2 80. Bd7 Ke4 81. Bg4 Ke3 82. Bd7 Kd4 83. Bf5 Nf4 84. Kd1 Nd5 85. Ke1 Ne3 86. Bd7 g4 87. Ba4 g3 88. Ke2 g2 89. Kf2 Kc4 90. Bc6 c2 91. Bxg2 Nxg2 92. Kf3 c1=Q 93. Kxg2 Qg5+ 94. Kf2 Kd3 95. Kf3 Qh4 96. Kg2 Ke2 97. Kg1 Kf3 98. Kf1 Qh1#) 73. Bb7 $1 Nf4 74. Bc6 Nd5 $2 (74... Nd3 {setzt Matt} 75. Be8 Ne1+ 76. Kd1 Nxf3 77. Bd7 Kd3 78. Bf5+ Ke3 79. Kc1 Nd4 80. Bc8 Kf4 81. Bb7 g4 82. Kd1 Ke3 83. Ba6 g3 84. Bf1 Kf2 85. Bh3 g2 86. Bxg2 Kxg2 87. Kc1 Kf3 88. Kd1 Ke3 89. Kc1 c2 90. Kb2 Kd2 91. Ka3 c1=Q+ 92. Kb4 Qc3+ 93. Ka4 Qb3+ 94. Ka5 Qb5#) 75. Bxd5 $1 $11 Kxd5 {Precision: Weiß = 25%, Schwarz = 51%.} 1/2-1/2

[Event "DEN-chT XtraCon 2018-19"]
[Site "Denmark"]
[Date "2018.10.27"]
[Round "1"]
[White "Ochsner, Thomas"]
[Black "Skjoldager, Per"]
[Result "1-0"]
[WhiteElo "2280"]
[BlackElo "2087"]
[Annotator "NA"]
[PlyCount "61"]
[EventDate "2018.10.27"]
[EventType "team-tourn"]
[EventCountry "DEN"]
[SourceTitle "playchess.com"]
[Source "ChessBase"]
[SourceQuality "1"]
[TimeControl "40/5400+30:1800+30"]

1. e4 {[%emt 0:00:00]} c6 {[%emt 0:00:00]} 2. d4 {[%emt 0:00:00]} d5 {[%emt 0:00:00]} 3. exd5 {[%emt 0:00:00]} cxd5 {[%emt 0:00:00]} 4. c4 {[%emt 0:00:01]} Nf6 {[%emt 0:00:09]} 5. Nc3 {[%emt 0:00:07]} g6 {[%emt 0:00:05]} 6. Qb3 {[%emt 0:00:15]} Bg7 {[%emt 0:01:10]} 7. cxd5 {[%emt 0:00:05]} O-O {[%emt 0:00:27]} 8. Be2 {[%emt 0:00:12]} Na6 {[%emt 0:01:49]} 9. Bf3 {[%emt 0:08:28]} Qb6 {[%emt 0:01:59]} 10. Nge2 {[%emt 0:12:23]} Qxb3 {[%emt 0:14:01]} 11. axb3 {[%emt 0:00:06]} Nb4 {[%emt 0:23:42]} 12. O-O {[%emt 0:00:21]} a5 {[%emt 0:02:58]} 13. Bf4 {[%emt 0:04:40]} Ne8 {[%emt 0:16:40]} 14. Nb5 {[%emt 0:14:02]} Bf5 {[%emt 0:04:54]} 15. d6 {[%emt 0:02:23]} exd6 {[%emt 0:02:03]} 16. Nxd6 {[%emt 0:02:40]} Nc2 {[%emt 0:04:20]} 17. Nxf5 {[%emt 0:01:41]} gxf5 {[%emt 0:00:50]} 18. Ra4 {[%emt 0:09:34]} Rd8 {[%emt 0:00:09]} 19. Rd1 {[%emt 0:04:32]} b6 {[%emt 0:02:26]} 20. Bg5 {[%emt 0:02:08]} f6 {[%emt 0:03:05]} 21. Bf4 {[%emt 0:01:04]} Nb4 {[%emt 0:00:50]} 22. d5 {[%emt 0:03:11]} Nd6 {[%emt 0:01:00]} 23. Nd4 {[%emt 0:00:31]} Rfe8 {[%emt 0:02:15]} 24. Nc6 {[%emt 0:03:12]} Nxc6 {[%emt 0:05:36]} 25. dxc6 {[%emt 0:00:14]} Nc8 {[%emt 0:00:47]} 26. Rxd8 {[%emt 0:02:45]} Rxd8 {[%emt 0:00:02]} 27. c7 {[%emt 0:00:31]} Re8 {[%emt 0:00:26]} 28. Kf1 {[%emt 0:00:32]} Bf8 {[%emt 0:00:12]} 29. Bc6 {[%emt 0:02:43]} Re7 {[%emt 0:02:01]} 30. Rd4 {[%emt 0:00:29]} Na7 {[%emt 0:00:33]} 31. Rd8 {[%emt 0:01:43]} 1-0

[Event "DEN-chT XtraCon 2018-19"]
[Site "Denmark"]
[Date "2018.10.28"]
[Round "1"]
[White "Thogersen, Rasmus"]
[Black "Sylvan, Jacob"]
[Result "1/2-1/2"]
[WhiteElo "2277"]
[BlackElo "2336"]
[Annotator "TA"]
[PlyCount "83"]
[EventDate "2018.10.27"]
[EventType "team-tourn"]
[EventCountry "DEN"]
[SourceTitle "playchess.com"]
[Source "ChessBase"]
[SourceQuality "1"]

{[%evp 19,83,35,51,15,0,-40,-26,-95,-88,-96,0,-33,0,0,0,0,0,0,86,94,95,76,128,131,279,289,272,262,1360,1317,1132,287,335,340,312,306,279,151,132,130,273,156,831,338,235,0,0,0,0,0,0,0,0,0,0,0,0,0,0,0,0,0,0,0,0,0]} 1. e4 c5 2. Nf3 e6 3. d4 cxd4 4. Nxd4 Nc6 5. Nc3 Qc7 6. Be3 a6 7. Qf3 {B48: Sizilianisch (Paulsen-Variante)} Nf6 8. O-O-O Rb8 (8... Ne5 9. Qg3 b5 10. a3 Bb7 11. Bxb5 Rc8 12. Ba4 Nxe4 13. Nxe4 Bxe4 14. Bf4 Qc4 15. Bxe5 Qxa4 {1-0 (38) Vachier Lagrave,M (2789)-Anand,V (2776) Karlsruhe/Baden-Baden 2018}) 9. Be2 Bb4 10. Nxc6 bxc6 {[%cal Bb7c6,Bc6c5][%mdl 32] LiveBook: 3 Partien} 11. Bd4 Bd6 12. g4 $146 ({Vorgänger:} 12. Qd3 c5 13. Be3 Be5 14. Qc4 Qb6 {1-0 (74) Sethuraman,S (2619)-Fier,A (2562) Fufeng 2017}) 12... c5 13. Be3 (13. Bxf6 $11 {war der einzige Weg, das Gleichgewicht zu behalten.} Bf4+ 14. Kb1 gxf6 15. h4) 13... Be5 $1 $17 {Und ...Db7 würde nun gewinnen.} 14. g5 Qb7 (14... Rxb2 $1 $17 15. Bf4 (15. Kxb2 $2 Qb7+ 16. Kc1 Bxc3 $19) 15... Bxf4+ 16. Kxb2 Bxg5) 15. b3 (15. Rd3 $5 {[%cal Rg5f6]} c4 16. Rd4 $11) 15... Bxc3 (15... Qb4 $5 {[%cal Re5c3]} 16. Bd2 Nxe4 $1 {[%mdl 512]} 17. Qxe4 Bxc3 18. Qxb4 cxb4 $11) 16. gxf6 Qb4 {( -> ...Da3+)} 17. Kb1 $1 $36 {[%mdl 2048] fxg7 ist eine echte Drohung. Schwarz steht unter Druck.} Bxf6 18. Bf4 {Schwarz muss nun Thg1 beachten.} e5 {[#]} (18... Bb7 $11 19. Bxb8 Bxe4) 19. Bd2 $1 $16 {[%cal Rd2b4]} Qb6 20. Bc4 d6 (20... a5 $142) 21. Bg5 Be6 (21... Qd8 $16 {war einen Versuch wert.}) 22. Bxe6 $18 ({Jedoch nicht} 22. Bxf6 $6 Bxc4 23. Bxg7 Rg8 $18) 22... fxe6 23. Bxf6 gxf6 $2 (23... O-O) 24. Qxf6 Kd7 25. Rhg1 $2 (25. Qf7+ Kc8 26. Qxe6+ Kb7 27. Rxd6 Qxd6 28. Qxd6) 25... Rhe8 26. Rg7+ Kc6 27. f4 ({Nicht} 27. Rxh7 Rb7 $16) 27... exf4 28. e5 ({Auf keinen Fall} 28. Rxh7 Rb7 $18) (28. Qxf4 $18 Rbd8 29. Rxh7) 28... d5 $16 29. c4 Rbd8 (29... d4 $16) 30. Qxf4 (30. cxd5+ $18 Rxd5 31. Rxd5 Kxd5 32. Qxf4) 30... dxc4 $2 (30... Qb8 $16) 31. Qf3+ (31. Qe4+ $142 Rd5 32. Rxd5 exd5 33. Qxh7) 31... Rd5 $18 {[#]} 32. Rxh7 $2 (32. Rxd5 $1 $18 exd5 33. Qf7) 32... cxb3 $11 {Die Stellung ist ausgeglichen.} 33. axb3 {Droht Matt per Txd5.} Rf8 34. Qxd5+ exd5 35. Rh6+ Kb5 36. Rxb6+ Kxb6 37. Rxd5 {KT-KT} Rf2 38. h4 Rh2 39. Rd6+ Kb5 40. Rh6 Kb4 41. h5 Kc3 42. Rxa6 {Precision: Weiß = 37%, Schwarz = 32%.} 1/2-1/2